[Event "NZL-ch 117th"]
[Site "Auckland"]
[Date "2010.01.10"]
[Round "9"]
[White "Stuart, Peter W"]
[Black "Depasquale, Chris"]
[Result "0-1"]
[WhiteElo "2041"]
[BlackElo "2274"]
[PlyCount "52"]
[EventDate "2010.01.02"]
[EventType "swiss"]
[EventRounds "11"]
[EventCountry "NZL"]
[SourceTitle "CBM 134 Extra"]
[Source "ChessBase"]
[SourceDate "2010.03.03"]
[SourceVersion "1"]
[SourceVersionDate "2010.03.03"]
[SourceQuality "1"]

1. c4 e5 2. Nc3 Bb4 3. Nd5 a5 4. a3 Bc5 5. e3 c6 6. Nc3 d5 7. cxd5 cxd5 8. d4 exd4 9. exd4 Be7 10. Nf3 Nf6 11. Be2 0-0 12. 0-0 Nc6 13. Ne5 Be6 14. Nxc6 bxc6 15. Be3 Bd6 16. h3 Bc7 17. Qd2 Qd6 18. f4 Rfe8 19. Kh1 Bf5 20. g4 Ne4 21. Nxe4 Bxe4+ 22. Bf3 a4 23. Rac1 Rab8 24. Bxe4 Rxe4 25. Rf3 Rb3 26. Rc3 Ba5 0-1

[Event "NZL-ch 117th"]
[Site "Auckland"]
[Date "2010.01.06"]
[Round "5"]
[White "Thornton, Giovanni Antonio"]
[Black "Depasquale, Chris"]
[Result "1-0"]
[WhiteElo "2167"]
[BlackElo "2274"]
[PlyCount "69"]
[EventDate "2010.01.02"]
[EventType "swiss"]
[EventRounds "11"]
[EventCountry "NZL"]
[SourceTitle "CBM 134 Extra"]
[Source "ChessBase"]
[SourceDate "2010.03.03"]
[SourceVersion "1"]
[SourceVersionDate "2010.03.03"]
[SourceQuality "1"]

1. d4 Nf6 2. c4 Nc6 3. Nc3 e5 4. d5 Ne7 5. g3 Ng6 6. Bg2 Bc5 7. Rb1 d6 8. Qc2 0-0 9. e3 a5 10. Nge2 Bd7 11. 0-0 Qc8 12. Na4 Ba7 13. Nec3 Bh3 14. Qe2 e4 15. Nxe4 Nxe4 16. Bxe4 Bxf1 17. Qxf1 Qg4 18. Bg2 b5 19. Nc3 Qxc4 20. Nxb5 Qxa2 21. Bd2 Bb6 22. f4 Qb3 23. Nc3 Rfe8 24. Qd3 Nf8 25. Bf3 Nd7 26. Bd1 Qb4 27. Bc2 Nf6 28. Ra1 Qxb2 29. Ra2 Qb4 30. Ra4 Qc5 31. Rd4 c6 32. g4 cxd5 33. g5 Re4 34. gxf6 gxf6 35. Rxd5 1-0

[Event "NZL-ch 117th"]
[Site "Auckland"]
[Date "2010.01.04"]
[Round "3"]
[White "Ker, Anthony F"]
[Black "Depasquale, Chris"]
[Result "1-0"]
[WhiteElo "2321"]
[BlackElo "2274"]
[PlyCount "81"]
[EventDate "2010.01.02"]
[EventType "swiss"]
[EventRounds "11"]
[EventCountry "NZL"]
[SourceTitle "CBM 134 Extra"]
[Source "ChessBase"]
[SourceDate "2010.03.03"]
[SourceVersion "1"]
[SourceVersionDate "2010.03.03"]
[SourceQuality "1"]

1. e4 c5 2. c3 d5 3. exd5 Qxd5 4. d4 g6 5. Nf3 Bg7 6. Na3 cxd4 7. Bc4 Qe4+ 8. Be3 Nh6 9. Nb5 0-0 10. Bd3 Qe6 11. cxd4 Na6 12. 0-0 Nf5 13. Bg5 Bf6 14. Re1 Qb6 15. Bxf6 Qxf6 16. Qd2 Rd8 17. Rac1 Be6 18. a3 Bd5 19. Qf4 Nd6 20. Qxf6 exf6 21. Nxd6 Rxd6 22. Be4 Rad8 23. Bxd5 Rxd5 24. Re7 R5d7 25. Rxd7 Rxd7 26. Rc8+ Kg7 27. Kf1 Nc7 28. Ke2 h5 29. Nd2 Ne6 30. Nb3 Nf4+ 31. Kf3 Nd3 32. Nc5 Nxc5 33. dxc5 Rd3+ 34. Ke4 Rb3 35. Rb8 f5+ 36. Kd4 Rxb2 37. c6 Rd2+ 38. Kc3 Rd6 39. cxb7 Rb6 40. a4 a5 41. Kc4 1-0

[Event "NZL-ch 117th"]
[Site "Auckland"]
[Date "2010.01.02"]
[Round "1"]
[White "Krstev, Antonio"]
[Black "Depasquale, Chris"]
[Result "0-1"]
[WhiteElo "2040"]
[BlackElo "2274"]
[PlyCount "78"]
[EventDate "2010.01.02"]
[EventType "swiss"]
[EventRounds "11"]
[EventCountry "NZL"]
[SourceTitle "CBM 134 Extra"]
[Source "ChessBase"]
[SourceDate "2010.03.03"]
[SourceVersion "1"]
[SourceVersionDate "2010.03.03"]
[SourceQuality "1"]

1. d4 f5 2. c4 Nf6 3. Nc3 g6 4. g3 Bg7 5. Bg2 0-0 6. Nf3 c6 7. 0-0 Ne4 8. Qc2 Nxc3 9. Qxc3 c5 10. e3 Nc6 11. a3 d6 12. Rd1 Qe8 13. Rb1 e5 14. dxe5 dxe5 15. Qc2 Qe7 16. b4 e4 17. Nd2 cxb4 18. axb4 Nxb4 19. Qa4 Nd3 20. Ba3 Qe8 21. Qc2 Rf7 22. Nb3 Qa4 23. Bd6 Be6 24. c5 Nb4 25. Rd4 Bxd4 26. Qd2 Bxb3 27. Qxd4 Nd3 28. Qc3 Be6 29. f3 Qa2 30. Rf1 Qb2 31. Qxb2 Nxb2 32. fxe4 fxe4 33. Rxf7 Kxf7 34. Bxe4 Rd8 35. Bxb7 Rxd6 36. cxd6 a5 37. Be4 a4 38. Bb1 Nd1 39. Bc2 a3 0-1

[Event "Australian Masters-A"]
[Site "Melbourne"]
[Date "2006.12.16"]
[Round "3"]
[White "Goldenberg, Igor"]
[Black "Depasquale, Chris"]
[Result "1-0"]
[WhiteElo "2358"]
[BlackElo "2283"]
[PlyCount "93"]
[EventDate "2006.12.15"]
[EventType "tourn"]
[EventRounds "11"]
[EventCountry "AUS"]
[SourceTitle "EXT 2010"]
[Source "ChessBase"]
[SourceDate "2010.11.25"]
[SourceVersion "1"]
[SourceVersionDate "2010.11.25"]
[SourceQuality "1"]

1. d4 f5 2. Nf3 Nf6 3. c4 c6 4. g3 g6 5. Bg2 Bg7 6. 0-0 0-0 7. Nc3 Ne4 8. Qc2 Nxc3 9. Qxc3 d6 10. Qb3 Kh8 11. d5 Na6 12. Be3 e5 13. dxe6 Qe7 14. Rfd1 Nc5 15. Qa3 Bxe6 16. Rac1 Rfe8 17. Ng5 Bg8 18. b4 Ne4 19. Nxe4 fxe4 20. Bd4 d5 21. Bxg7+ Qxg7 22. b5 dxc4 23. bxc6 bxc6 24. e3 Bd5 25. Bf1 Rab8 26. Bxc4 Qb2 27. Qxa7 Rf8 28. Qd4+ Qxd4 29. Rxd4 Rb2 30. Rf1 Rf5 31. Bxd5 cxd5 32. a4 Ra2 33. h3 h5 34. Kg2 Kg7 35. g4 hxg4 36. hxg4 Rf3 37. Kg1 Kh6 38. Rxd5 Rxa4 39. Rfd1 Ra2 40. R1d2 Rxd2 41. Rxd2 Kg5 42. Rd4 Kxg4 43. Rxe4+ Kg5 44. Re5+ Kg4 45. Kg2 Rf8 46. f4 Rf5 47. Rxf5 1-0

[Event "Australian Masters"]
[Site "Melbourne"]
[Date "2005.07.05"]
[Round "6"]
[White "Sales, Jesse Noel"]
[Black "Depasquale, Chris"]
[Result "1-0"]
[WhiteElo "2340"]
[BlackElo "2337"]
[PlyCount "77"]
[EventDate "2005.06.29"]
[EventType "tourn"]
[EventRounds "9"]
[EventCountry "AUS"]
[EventCategory "1"]
[SourceTitle "CBM 107 Extra"]
[Source "ChessBase"]
[SourceDate "2005.09.01"]
[SourceVersion "1"]
[SourceVersionDate "2005.09.01"]
[SourceQuality "1"]

1. Nf3 c5 2. c4 Nf6 3. Nc3 d5 4. d4 e6 5. cxd5 exd5 6. g3 Nc6 7. Bg2 cxd4 8. Nxd4 Be7 9. 0-0 0-0 10. Bg5 h6 11. Be3 Re8 12. h3 Na5 13. Nc2 Be6 14. Kh2 Nc4 15. Bc1 Rc8 16. b3 Nd6 17. Bb2 Qa5 18. Qe1 Kf8 19. Nd4 Qb4 20. e3 Nc4 21. a3 Qb6 22. bxc4 Qxb2 23. Na4 Qxa1 24. Qxa1 Rxc4 25. Nb2 Rc3 26. Nb5 Rc2 27. a4 Rec8 28. Nxa7 R8c3 29. Nb5 Rb3 30. Nd1 Rc4 31. e4 dxe4 32. Ne3 Rc8 33. Nd4 Ra3 34. Nxe6+ fxe6 35. Qb1 Rxa4 36. Qxb7 Rc5 37. h4 Kf7 38. Bh3 g5 39. Bxe6+ 1-0

[Event "Oceania zt"]
[Site "Auckland"]
[Date "2005.02.02"]
[Round "6"]
[White "Johansen, Darryl Keith"]
[Black "Depasquale, Chris"]
[Result "1-0"]
[WhiteElo "2471"]
[BlackElo "2333"]
[PlyCount "79"]
[EventDate "2005.01.30"]
[EventType "swiss"]
[EventRounds "9"]
[EventCountry "NZL"]
[SourceTitle "CBM 104 Extra"]
[Source "ChessBase"]
[SourceDate "2005.03.01"]
[SourceVersion "1"]
[SourceVersionDate "2005.03.01"]
[SourceQuality "1"]

1. d4 c5 2. d5 Nf6 3. Nf3 g6 4. c4 Bg7 5. Nc3 0-0 6. e4 d6 7. h3 e5 8. Bg5 h6 9. Be3 Kh7 10. g4 Ne8 11. Bd3 Na6 12. a3 Nac7 13. Qc2 Bd7 14. Ke2 Rb8 15. b4 b6 16. Rab1 Rc8 17. Qb3 Qe7 18. Rbg1 f5 19. gxf5 gxf5 20. exf5 Kh8 21. Rg4 e4 22. Nxe4 Bxf5 23. Nh4 Bxg4+ 24. hxg4 Qd7 25. Nf5 Kg8 26. Bxh6 Rxf5 27. gxf5 Qxf5 28. Kf1 Qe5 29. Qd1 cxb4 30. axb4 b5 31. Qg4 bxc4 32. Bxg7 Qxg7 33. Nf6+ Kf8 34. Nd7+ Kg8 35. Bh7+ Kf7 36. Qf5+ Ke7 37. Bg6 Kd8 38. Rh7 Qa1+ 39. Kg2 Qc1 40. Nc5 1-0

[Event "Oceania zt"]
[Site "Auckland"]
[Date "2005.01.31"]
[Round "3"]
[White "Depasquale, Chris"]
[Black "Solomon, Stephen J"]
[Result "1/2-1/2"]
[WhiteElo "2333"]
[BlackElo "2426"]
[PlyCount "77"]
[EventDate "2005.01.30"]
[EventType "swiss"]
[EventRounds "9"]
[EventCountry "NZL"]
[SourceTitle "CBM 104 Extra"]
[Source "ChessBase"]
[SourceDate "2005.03.01"]
[SourceVersion "1"]
[SourceVersionDate "2005.03.01"]
[SourceQuality "1"]

1. d4 d5 2. Nf3 c6 3. g3 Bg4 4. Bg2 Nd7 5. 0-0 e6 6. Bf4 Ngf6 7. Nbd2 Be7 8. h3 Bh5 9. c4 0-0 10. Qb3 Qb6 11. c5 Qxb3 12. axb3 Ne4 13. g4 Bg6 14. b4 Nxd2 15. Nxd2 Bf6 16. Bd6 Rfc8 17. Nf3 Bd8 18. Ne5 Nf8 19. Nxg6 hxg6 20. e4 dxe4 21. Bxe4 a6 22. f4 Bc7 23. Bxf8 Rxf8 24. f5 gxf5 25. gxf5 exf5 26. Rxf5 g6 27. Rff1 Rfe8 28. Bf3 Re7 29. b5 cxb5 30. Bxb7 Rd8 31. Rfd1 Bf4 32. c6 Be3+ 33. Kf1 Rxd4 34. Rxd4 Bxd4 35. Rxa6 Bxb2 36. Rb6 Be5 37. Rxb5 Bc7 38. Rd5 Kg7 39. Rd7 1/2-1/2

[Event "Oceania zt"]
[Site "Auckland"]
[Date "2005.01.30"]
[Round "1"]
[White "Gibbons, Robert"]
[Black "Depasquale, Chris"]
[Result "0-1"]
[WhiteElo "2075"]
[BlackElo "2333"]
[PlyCount "50"]
[EventDate "2005.01.30"]
[EventType "swiss"]
[EventRounds "9"]
[EventCountry "NZL"]
[SourceTitle "CBM 104 Extra"]
[Source "ChessBase"]
[SourceDate "2005.03.01"]
[SourceVersion "1"]
[SourceVersionDate "2005.03.01"]
[SourceQuality "1"]

1. Nf3 d5 2. d4 Bg4 3. Bf4 Bxf3 4. exf3 e6 5. Bd3 Bd6 6. Bxd6 Qxd6 7. 0-0 Ne7 8. Nc3 c6 9. Ne2 Nd7 10. c3 0-0 11. Qc2 h6 12. Rfe1 c5 13. dxc5 Nxc5 14. Rad1 Rac8 15. Qd2 Nxd3 16. Qxd3 Rfd8 17. Rd2 a6 18. Red1 b5 19. Nd4 Ng6 20. Qe3 b4 21. Rc2 e5 22. Ne2 bxc3 23. Nxc3 d4 24. Qd3 Qc7 25. Rcd2 Nf4 0-1

[Event "Doeberl Cup 42nd"]
[Site "Canberra"]
[Date "2004.04.10"]
[Round "3"]
[White "Depasquale, Chris"]
[Black "Pengelley, Justin"]
[Result "1-0"]
[WhiteElo "2344"]
[BlackElo "2053"]
[PlyCount "39"]
[EventDate "2004.04.09"]
[EventType "swiss"]
[EventRounds "7"]
[EventCountry "AUS"]
[SourceTitle "EXT 2005"]
[Source "ChessBase"]
[SourceDate "2004.11.15"]
[SourceVersion "1"]
[SourceVersionDate "2004.11.15"]
[SourceQuality "1"]

1. e4 d5 2. exd5 Qxd5 3. Nc3 Qd6 4. d4 Nf6 5. Nge2 Bg4 6. f3 Bf5 7. Bf4 Qd7 8. Qd2 e6 9. 0-0-0 Bb4 10. Qe3 c6 11. g4 Bg6 12. h4 h5 13. Bxb8 Rxb8 14. g5 Bxc3 15. gxf6 Bb4 16. fxg7 Rg8 17. Nf4 Rxg7 18. d5 cxd5 19. Nxd5 Be7 20. Bb5 1-0

[Event "Doeberl Cup 42nd"]
[Site "Canberra"]
[Date "2004.04.09"]
[Round "1"]
[White "Depasquale, Chris"]
[Black "Oliver, Shannon"]
[Result "1-0"]
[WhiteElo "2344"]
[BlackElo "2025"]
[PlyCount "47"]
[EventDate "2004.04.09"]
[EventType "swiss"]
[EventRounds "7"]
[EventCountry "AUS"]
[SourceTitle "EXT 2005"]
[Source "ChessBase"]
[SourceDate "2004.11.15"]
[SourceVersion "1"]
[SourceVersionDate "2004.11.15"]
[SourceQuality "1"]

1. g3 c5 2. Bg2 d6 3. e4 Nf6 4. Nc3 g6 5. Nge2 Bg7 6. 0-0 0-0 7. d3 Nc6 8. f4 Rb8 9. h3 b5 10. e5 dxe5 11. Bxc6 b4 12. fxe5 bxc3 13. exf6 Bxf6 14. bxc3 Bxh3 15. Rf2 Qa5 16. Bh6 Rfd8 17. Qd2 Qa3 18. Qe3 Rb2 19. Rxf6 c4 20. Qf4 Qc5+ 21. d4 Qh5 22. Rxf7 Bf5 23. Rg7+ Kh8 24. Qe5 1-0

[Event "AUS-ch"]
[Site "Adelaide"]
[Date "2004.01.09"]
[Round "10"]
[White "Blazkova, Petra"]
[Black "Depasquale, Chris"]
[Result "1/2-1/2"]
[WhiteElo "2266"]
[BlackElo "2327"]
[PlyCount "93"]
[EventDate "2003.12.06"]
[EventType "swiss"]
[EventRounds "11"]
[EventCountry "AUS"]
[SourceTitle "EXT 2005"]
[Source "ChessBase"]
[SourceDate "2004.11.15"]
[SourceVersion "1"]
[SourceVersionDate "2004.11.15"]
[SourceQuality "1"]

1. e4 c5 2. Nf3 Nc6 3. d4 cxd4 4. Nxd4 e5 5. Nb5 d6 6. Bc4 Be7 7. 0-0 Nf6 8. Bg5 Bg4 9. Qd3 a6 10. N5c3 Rc8 11. Bxf6 Bxf6 12. Nd5 Bg5 13. Ne3 Bxe3 14. fxe3 0-0 15. Nd2 b5 16. Bd5 Nb4 17. Bxf7+ Rxf7 18. Qb3 Bh5 19. Qxb4 Rxc2 20. Rac1 a5 21. Qb3 Rxd2 22. Qe6 h6 23. Rc8 Qxc8 24. Qxc8+ Kh7 25. Qc3 Rxf1+ 26. Kxf1 Rd1+ 27. Kf2 b4 28. Qc2 Ra1 29. Qa4 Bg6 30. b3 Bxe4 31. Qxa5 d5 32. h4 Rc1 33. Qxb4 Rc2+ 34. Ke1 Rxa2 35. Qc3 Rxg2 36. Qxe5 Rg1+ 37. Kd2 Rg2+ 38. Kc3 Rc2+ 39. Kb4 Rd2 40. Qf4 Rd1 41. Kc5 Rc1+ 42. Kb5 Bd3+ 43. Kb6 Rb1 44. b4 Be4 45. Kc5 Rc1+ 46. Kd6 Rb1 47. Kc5 1/2-1/2

[Event "AUS-ch"]
[Site "Adelaide"]
[Date "2004.01.07"]
[Round "8"]
[White "Depasquale, Chris"]
[Black "Bjelobrk, Igor"]
[Result "0-1"]
[WhiteElo "2327"]
[BlackElo "2338"]
[PlyCount "72"]
[EventDate "2003.12.06"]
[EventType "swiss"]
[EventRounds "11"]
[EventCountry "AUS"]
[SourceTitle "EXT 2005"]
[Source "ChessBase"]
[SourceDate "2004.11.15"]
[SourceVersion "1"]
[SourceVersionDate "2004.11.15"]
[SourceQuality "1"]

1. e4 c5 2. Nc3 a6 3. g3 b5 4. Bg2 Bb7 5. d3 e6 6. Nh3 b4 7. Ne2 d5 8. f3 Nc6 9. 0-0 Nf6 10. Nf2 Qb6 11. g4 h6 12. Ng3 Be7 13. Bd2 a5 14. exd5 Nxd5 15. f4 Rd8 16. c4 Nf6 17. f5 0-0 18. h4 Nh7 19. g5 hxg5 20. hxg5 Nxg5 21. Qg4 Ne5 22. Qf4 Nef3+ 23. Kh1 e5 24. Qg4 Nxd2 25. Be4 Ngxe4 26. dxe4 Qh6+ 27. Kg2 Qg5 28. Qxg5 Bxg5 29. Rh1 Nxc4 30. Rh5 f6 31. Rah1 Nd6 32. Rh8+ Kf7 33. R8h7 c4 34. Kf3 c3 35. bxc3 bxc3 36. Nh5 Rg8 0-1

[Event "AUS-ch"]
[Site "Adelaide"]
[Date "2004.01.02"]
[Round "4"]
[White "Depasquale, Chris"]
[Black "Solomon, Stephen J"]
[Result "0-1"]
[WhiteElo "2327"]
[BlackElo "2400"]
[PlyCount "66"]
[EventDate "2003.12.06"]
[EventType "swiss"]
[EventRounds "11"]
[EventCountry "AUS"]
[SourceTitle "EXT 2005"]
[Source "ChessBase"]
[SourceDate "2004.11.15"]
[SourceVersion "1"]
[SourceVersionDate "2004.11.15"]
[SourceQuality "1"]

1. e4 e5 2. Nc3 Nf6 3. Bc4 Nxe4 4. Qh5 Nd6 5. Qxe5+ Qe7 6. Qxe7+ Bxe7 7. Bb3 c6 8. Nf3 Nf5 9. d4 d5 10. 0-0 Nd7 11. Re1 Nf8 12. Ne2 Nd6 13. c3 f6 14. h3 h5 15. Ng3 h4 16. Nf1 a5 17. Ne3 Kf7 18. a4 g5 19. Bc2 Be6 20. Ng4 Re8 21. b3 Bf5 22. Bxf5 Nxf5 23. Ra2 Nd6 24. Rc2 Ne4 25. Ne3 Ne6 26. Nf5 Bf8 27. c4 Bb4 28. Ree2 Kg6 29. g4 hxg3 30. Nxg3 Rxh3 31. Re3 Nxg3 32. fxg3 Rxg3+ 33. Kf2 Rxf3+ 0-1

[Event "AUS-ch"]
[Site "Adelaide"]
[Date "2003.12.30"]
[Round "2"]
[White "Depasquale, Chris"]
[Black "Rogers, Ian"]
[Result "0-1"]
[WhiteElo "2327"]
[BlackElo "2574"]
[PlyCount "134"]
[EventDate "2003.12.06"]
[EventType "swiss"]
[EventRounds "11"]
[EventCountry "AUS"]
[SourceTitle "EXT 2005"]
[Source "ChessBase"]
[SourceDate "2004.11.15"]
[SourceVersion "1"]
[SourceVersionDate "2004.11.15"]
[SourceQuality "1"]

1. d4 Nf6 2. Bg5 c5 3. Bxf6 gxf6 4. d5 Qb6 5. Qc1 f5 6. g3 Bg7 7. c3 d6 8. Nd2 0-0 9. Nh3 Nd7 10. Bg2 Nf6 11. 0-0 Qa6 12. Qc2 Bh6 13. e3 Bd7 14. Rfe1 Rae8 15. a4 e6 16. c4 Qb6 17. a5 Qc7 18. Nf4 e5 19. Nd3 e4 20. Nf4 Ng4 21. Ra3 Qd8 22. f3 Bxf4 23. fxg4 Bh6 24. gxf5 Bxf5 25. Rf1 Bc8 26. Qd1 f5 27. Qh5 Bg7 28. g4 Re5 29. g5 Re7 30. Ra2 Be5 31. b3 Rg7 32. h4 Bg3 33. Nb1 Bd7 34. Bh3 Be8 35. Qh6 Rg6 36. Qh5 Re6 37. Qd1 Re5 38. Rg2 Bxh4 39. Nc3 Bg6 40. Nb5 a6 41. Nxd6 Qxd6 42. Rf4 Qd8 43. Rxh4 Qxa5 44. Rf4 Qc3 45. Rg3 b5 46. Bf1 b4 47. Kh2 Ree8 48. Rf2 Qe5 49. Rf4 a5 50. Qb1 Ra8 51. Qa2 Rfb8 52. Rg2 Qc3 53. Qd2 Qxd2 54. Rxd2 a4 55. Kg3 axb3 56. Rff2 f4+ 57. Rxf4 Ra2 58. Rff2 Rf8 59. Rxa2 bxa2 60. Rxa2 Rxf1 61. Ra5 b3 62. Rb5 Rf3+ 63. Kg2 Rxe3 64. Rxc5 Rd3 65. Rb5 e3 66. Kf3 Bh5+ 67. Ke4 e2 0-1

[Event "Oceania zt"]
[Site "Warwick Fiji"]
[Date "2002.05.11"]
[Round "9"]
[White "Depasquale, Chris"]
[Black "Johansen, Darryl Keith"]
[Result "0-1"]
[WhiteElo "2335"]
[BlackElo "2531"]
[PlyCount "78"]
[EventDate "2002.05.06"]
[EventType "swiss"]
[EventRounds "9"]
[EventCountry "FIJ"]
[SourceTitle "CBM 088 Extra"]
[Source "ChessBase"]
[SourceDate "2002.07.01"]
[SourceVersion "2"]
[SourceVersionDate "2002.07.01"]
[SourceQuality "1"]

1. e4 c5 2. Nc3 e6 3. g3 d5 4. d3 Nf6 5. Bg2 Nc6 6. Bg5 d4 7. Nce2 Be7 8. Nh3 e5 9. 0-0 0-0 10. Bxf6 Bxf6 11. f4 Bd7 12. f5 Kh8 13. g4 Be7 14. Qd2 f6 15. Rf3 b5 16. Nf2 Qa5 17. Qd1 Be8 18. Rh3 c4 19. Ng3 Bf7 20. Nh5 Bg8 21. Kh1 Rac8 22. a3 Qc7 23. Qf3 Nd8 24. Rg3 cxd3 25. cxd3 Qc2 26. Rg1 Qd2 27. h4 Rc2 28. Nh3 Qe2 29. g5 Qxf3 30. Bxf3 Bf7 31. R3g2 Rc7 32. gxf6 gxf6 33. Ng3 Rg8 34. Nf2 Bf8 35. Bh5 Bb3 36. Bd1 Bf7 37. Bh5 Bb3 38. Ng4 Bg7 39. Be8 Rxe8 0-1

[Event "Oceania zt"]
[Site "Warwick Fiji"]
[Date "2002.05.08"]
[Round "5"]
[White "Jones, Brian"]
[Black "Depasquale, Chris"]
[Result "0-1"]
[WhiteElo "2223"]
[BlackElo "2335"]
[PlyCount "42"]
[EventDate "2002.05.06"]
[EventType "swiss"]
[EventRounds "9"]
[EventCountry "FIJ"]
[SourceTitle "CBM 088 Extra"]
[Source "ChessBase"]
[SourceDate "2002.07.01"]
[SourceVersion "2"]
[SourceVersionDate "2002.07.01"]
[SourceQuality "1"]

1. d4 Nf6 2. Nf3 g6 3. g3 Bg7 4. Bg2 0-0 5. 0-0 d6 6. c4 c6 7. Nc3 Nbd7 8. Qc2 e5 9. Rd1 Re8 10. dxe5 dxe5 11. b3 Qa5 12. Rb1 e4 13. Nd4 e3 14. Bxe3 Rxe3 15. fxe3 Ng4 16. Nxc6 bxc6 17. Qe4 Nde5 18. b4 Qc7 19. Nb5 Qe7 20. Rb3 Bf5 21. Qf4 Bc2 0-1

[Event "Oceania zt"]
[Site "Warwick Fiji"]
[Date "2002.05.06"]
[Round "1"]
[White "Fancy, Stuart"]
[Black "Depasquale, Chris"]
[Result "1-0"]
[WhiteElo "2209"]
[BlackElo "2335"]
[PlyCount "95"]
[EventDate "2002.05.06"]
[EventType "swiss"]
[EventRounds "9"]
[EventCountry "FIJ"]
[SourceTitle "CBM 088 Extra"]
[Source "ChessBase"]
[SourceDate "2002.07.01"]
[SourceVersion "2"]
[SourceVersionDate "2002.07.01"]
[SourceQuality "1"]

1. e4 c5 2. c4 g6 3. Nc3 Bg7 4. g3 e6 5. Bg2 Ne7 6. Nge2 Nbc6 7. d3 0-0 8. h4 Nd4 9. Nxd4 cxd4 10. Ne2 d5 11. exd5 exd5 12. cxd5 Nxd5 13. Bg5 Qa5+ 14. Qd2 Qxd2+ 15. Kxd2 h6 16. Bxd5 hxg5 17. hxg5 Rd8 18. Nf4 Bf5 19. Rhe1 Rd7 20. f3 Bf8 21. a3 Be7 22. Be4 Bxe4 23. dxe4 Bxg5 24. Kd3 Bxf4 25. gxf4 Kf8 26. Rac1 Ke7 27. Rh1 Rad8 28. Rc5 Rd6 29. Rh7 Rb6 30. Rc7+ Rd7 31. Rxf7+ Kxf7 32. Rxd7+ Ke6 33. Rxd4 Rxb2 34. Rb4 Rf2 35. Ke3 Ra2 36. Ra4 a6 37. Ra5 Rb2 38. a4 Ra2 39. Re5+ Kf6 40. a5 Ra3+ 41. Kf2 Ra2+ 42. Kg3 Rb2 43. Rd5 Rb1 44. f5 g5 45. Rd6+ Kf7 46. Kg4 Rg1+ 47. Kh5 Rg3 48. Rb6 1-0

[Event "NZL-ch108 0010"]
[Site "New Zeeland"]
[Date "2001.01.04"]
[Round "5"]
[White "Depasquale, Chris"]
[Black "Garbett, Paul Anthony"]
[Result "1-0"]
[WhiteElo "2309"]
[BlackElo "2368"]
[PlyCount "109"]
[EventDate "2000.12.??"]
[EventType "swiss"]
[EventRounds "9"]
[EventCountry "NZL"]
[SourceTitle "CBM 079 Extra"]
[Source "ChessBase"]
[SourceDate "2001.01.11"]
[SourceVersion "2"]
[SourceVersionDate "2001.01.25"]
[SourceQuality "1"]

1. d4 Nf6 2. Bg5 e6 3. e4 h6 4. Bxf6 Qxf6 5. c3 d6 6. Bd3 e5 7. Ne2 Nc6 8. 0-0 g5 9. Na3 Bd7 10. d5 Nb8 11. Qb3 b6 12. Ng3 Qd8 13. Nc4 Be7 14. Ne3 h5 15. Qd1 g4 16. Ngf5 Bg5 17. g3 a6 18. Qe2 Rg8 19. Rae1 Bxe3 20. Nxe3 Qe7 21. h4 gxh3 22. Qxh5 h2+ 23. Qxh2 Qf6 24. Ng2 Rh8 25. Nh4 Bg4 26. f3 Bh5 27. Qg2 Nd7 28. Nf5 Bg6 29. Ne3 Nc5 30. Bc2 0-0-0 31. b4 Nd7 32. Kf2 Qg5 33. Rh1 Nf6 34. Rxh8 Rxh8 35. Rh1 Rg8 36. Qh3+ Kb7 37. Qh4 Qxh4 38. Rxh4 b5 39. Rh1 Nd7 40. a4 Nb6 41. axb5 axb5 42. Bd3 c6 43. dxc6+ Kxc6 44. Ra1 d5 45. exd5+ Nxd5 46. Bxb5+ Kxb5 47. Ra5+ Kc6 48. Rc5+ Kd6 49. Rxd5+ Ke6 50. c4 Rb8 51. c5 Bb1 52. Rd6+ Ke7 53. Nd5+ Ke8 54. b5 Ba2 55. c6 1-0

[Event "NZL-ch108 0010"]
[Site "New Zeeland"]
[Date "2001.01.03"]
[Round "4"]
[White "Dive, Russell John"]
[Black "Depasquale, Chris"]
[Result "1/2-1/2"]
[WhiteElo "2414"]
[BlackElo "2309"]
[PlyCount "96"]
[EventDate "2000.12.??"]
[EventType "swiss"]
[EventRounds "9"]
[EventCountry "NZL"]
[SourceTitle "CBM 079 Extra"]
[Source "ChessBase"]
[SourceDate "2001.01.11"]
[SourceVersion "2"]
[SourceVersionDate "2001.01.25"]
[SourceQuality "1"]

1. d4 Nf6 2. Nf3 g6 3. g3 Bg7 4. Bg2 0-0 5. 0-0 d6 6. c4 Nbd7 7. Nc3 c6 8. h3 e5 9. e4 Re8 10. Rb1 exd4 11. Nxd4 Nc5 12. Re1 a5 13. b3 h5 14. a3 h4 15. g4 Nh7 16. b4 axb4 17. axb4 Ne6 18. Nce2 Nxd4 19. Nxd4 Ng5 20. f4 Ne6 21. Ne2 Ra2 22. Be3 g5 23. f5 Nf8 24. Qb3 Ra8 25. Rbd1 Qe7 26. c5 dxc5 27. Bxc5 Qe5 28. Qe3 Nd7 29. Bd6 Qf6 30. Kh1 Bf8 31. Bxf8 Kxf8 32. Ng1 Ne5 33. Nf3 Nxf3 34. Bxf3 Re5 35. Bg2 Qe7 36. Qd4 f6 37. Qd6 Qxd6 38. Rxd6 Ke7 39. Red1 Ra1 40. Rxa1 Kxd6 41. Rd1+ Kc7 42. Kg1 Bd7 43. Kf2 Be8 44. Ke3 Bf7 45. Bf1 Re8 46. Ra1 Rd8 47. Be2 Re8 48. Kd4 Rd8+ 1/2-1/2